Guía para la selección de muros de retención
Salvato in:
| Autore principale: | |
|---|---|
| Natura: | Libro |
| Pubblicazione: |
[San José , Costa Rica]
1986
|
| Soggetti: | |
| Tags: |
Aggiungi Tag
Nessun Tag, puoi essere il primo ad aggiungerne!!
|
MARC
| LEADER | 00000nam a2200000Ia 4500 | ||
|---|---|---|---|
| 003 | 004197 | ||
| 005 | 20221231144353.0 | ||
| 008 | 140114s1986 cr a m 000 ||s d | ||
| 040 | |c cru CEDI | ||
| 090 | |a TFG 1891 | ||
| 100 | |a Montero Anderson, Irene |9 14095 | ||
| 245 | |a Guía para la selección de muros de retención | ||
| 260 | |c 1986 |a [San José , Costa Rica] | ||
| 300 | |a [172] hojas : ilustraciones ; 28 cm | ||
| 500 | |a Proyecto de graduación (licenciatura en ingeniería civil)--Universidad de Costa Rica. Facultad de Ingeniería. Escuela de Ingeniería Civil | ||
| 650 | |x MUROS DE CONTENCION |9 14096 | ||
| 942 | |c TFG |2 ddc | ||
| 999 | |c 20875 |d 20875 | ||
